000
00230nam a2200085Ia 4500
005
20250523154322.0
008
250523s9999 xx 000 0 und d
245
0
_a
Ruby Rogers Bu Dünyada Fazlalık mıyım?
_c
Sue Limb
260
_b
ALTIN
999
_c
11997
_d
11997